All Countries of Asia from Richest to Poorest - In Order - Statistics

General Stats
  • This quiz has been taken 354 times
    302 since last reset
  • The average score is 40 of 49
Answer Stats
GDP Hint Country % Correct
$112.790 Q Qatar
100%
$131.580 S Singapore
98%
$78.260 U United Arab Emirates
97%
$74.960 B Brunei
92%
$50.200 J Japan
89%
$68.730 T Taiwan
89%
$57.420 B Bahrain
87%
$35.290 O Oman
87%
$53.050 S South Korea
86%
$51.000 K Kuwait
85%
$55.370 S Saudi Arabia
85%
$37.490 T Turkey
85%
$48.810 I Israel
84%
$3.370 P Pakistan
84%
$2.070 Y Yemen
84%
$12.880 V Vietnam
83%
$11.860 J Jordan
82%
$30.500 K Kazakhstan
82%
$32.900 M Malaysia
82%
$1.700 A Afghanistan
81%
$15.820 A Armenia
81%
$17.150 A Azerbaijan
81%
$6.630 B Bangladesh
81%
$18.330 I Iran
81%
$28.920 R Russia
81%
$21.370 T Thailand
81%
$14.540 I Indonesia
80%
$9.180 L Laos
80%
$4.580 N Nepal
80%
$3.250 N North Korea
80%
$18.860 T Turkmenistan
80%
$9.240 U Uzbekistan
80%
$18.590 G Georgia
79%
$8.350 I India
79%
$12.140 I Iraq
79%
$5.560 K Kyrgyzstan
79%
$12.970 B Bhutan
78%
$21.050 C China
78%
$29.130 M Maldives
78%
$4.780 T Tajikistan
78%
$5.490 C Cambodia
77%
$48.450 C Cyprus
77%
$12.040 L Lebanon
77%
$13.350 M Mongolia
76%
$4.630 M Myanmar
76%
$6.440 S Syria
76%
$3.340 E East Timor
75%
$15.390 S Sri Lanka
74%
$10.240 P Philippines
73%
No matching quizzes found
Score Distribution
Percent of People with Each Score
Percentile by Number Answered
Your Score History
You have not taken this quiz since the last reset